La mallerenga blava i el camí de la llana : una aventura a Sant Martí d'Albars / una aventura a Sant Martí d'Albars /
Descripción Física:
[24] pàgines ; il·lustracions en color ; 21 cm
Otros Autores:
Subi, 1969-
Materias:
Animals domèstics -- Llibres per a infants
; Llana -- Fabricació -- Llibres per a infants
; Sant Martí d'Albars (Catalunya) -- Llibres per a infants
; Contes infantils
Idioma:
Catalán
MARC
| LEADER | 00000nam a22000007a 4500 | ||
|---|---|---|---|
| 001 | 28892 | ||
| 003 | AGDB | ||
| 005 | 20260324181532.0 | ||
| 008 | 240916b spa||||| |||| 00| 0 cat d | ||
| 017 | |a B 17443-2024 | ||
| 040 | |a agdb |b cat | ||
| 100 | |a Obiols, Anna, |d 1975- |4 text |9 71585 | ||
| 245 | |a La mallerenga blava i el camí de la llana : |b una aventura a Sant Martí d'Albars / |c Anna Obiols Llopart ; il·lustracions: Subi | ||
| 250 | |a 1a edició: octubre de 2024 | ||
| 260 | |a [Sant Martí d'Albars] : |b Ajuntament de Sant Martí d'Albars : |b Consorci del Lluçanès ; |c 2024 | ||
| 300 | |a [24] pàgines ; |b il·lustracions en color ; |c 21 cm | ||
| 650 | 0 | |a Animals domèstics |v Llibres per a infants |9 71587 | |
| 650 | 0 | |a Llana |x Fabricació |v Llibres per a infants |9 72104 | |
| 651 | 0 | |a Sant Martí d'Albars (Catalunya) |v Llibres per a infants |9 72106 | |
| 655 | 0 | |a Contes infantils |9 67183 | |
| 700 | 0 | |a Subi, |d 1969- |9 71586 |e il·lustracions | |
| 942 | |c ARXIU |n 1 | ||
| 952 | |0 0 |1 0 |4 0 |6 BIB1290 |7 1 |9 98146 |a Arxiu |b Arxiu |d 2025-06-04 |l 0 |o Bib-1290 |p 28892 |r 2025-06-04 00:00:00 |w 2025-06-04 |y ARXIU | ||
| 999 | |c 129924 |d 129924 | ||